| 000 | 00944nas a2200313 4500 | ||
|---|---|---|---|
| 001 | BR2010004133 | ||
| 003 | BR-BrBNA | ||
| 005 | 20231205114701.0 | ||
| 007 | ta | ||
| 008 | 230509b bl.|||p| |||| 00| 00por d | ||
| 040 |
_aBR-BrBNA _bpor _cBiblioteca Nacional de Agricultura |
||
| 041 | _a(Pt) | ||
| 072 | _aP06; K50 | ||
| 100 | 1 | _aAlmeida, N.F. de | |
| 100 | 1 | _aCamargo, D.T. | |
| 100 | 1 | _aArriel, D.A.A. | |
| 100 | 1 | _aMori, F.A. | |
| 245 | 1 | _aAvaliação das propriedades dos resíduos de Pinus patula em diferentes períodos de armazenamento visando a cogeração de energia | |
| 650 | _aPINUS PATULA | ||
| 650 | _aPINHEIRO | ||
| 650 | _aMADEIRA | ||
| 650 | _aRESÍDUO | ||
| 650 | _aARMAZENAMENTO | ||
| 650 | _aENERGIA | ||
| 650 | _aPROCESSAMENTO | ||
| 773 | 0 |
_tFloresta (Brazil) _xISSN 0015-3826 _g(Apr-Jun 2010), v. 40(2) p. 269-274 _wBR2010004133 |
|
| 909 |
_a202311 _bLúcia _c55 _dLúcia Elande |
||
| 942 |
_2AGRIS _n0 _cANA |
||
| 999 |
_c209936 _d209936 |
||